00225nam a2200109Ia 4500008004100000041001200041082001100053100000900064245002900073260000600102650000700108221030s9999 xx 000 0 und d aEnglish a105.23 aNIIT 0aGame Managementcby NIIT c0 aMb